UM Logo

Parental Involvement And English Proficiency Of Grade & Students in Sta. Maria National High School. (Record no. 6381)

MARC details
000 -LEADER
fixed length control field 00633nam a22001577a 4500
008 - FIXED-LENGTH DATA ELEMENTS--GENERAL INFORMATION
fixed length control field 170309b xxu||||| |||| 00| 0 eng d
082 ## - DEWEY DECIMAL CLASSIFICATION NUMBER
Edition number 2016
Classification number UT 0704
Item number C12
100 ## - MAIN ENTRY--PERSONAL NAME
9 (RLIN) 19230
Personal name Calibay, Genessa B.
245 ## - TITLE STATEMENT
Title Parental Involvement And English Proficiency Of Grade & Students in Sta. Maria National High School.
Statement of responsibility, etc. Genessa b. Calibay, Sharlen Rose N. Lapeña and Carol Mae S. Domingo.
300 ## - PHYSICAL DESCRIPTION
Extent 62 pages;
Other physical details 29 cm.
650 #0 - SUBJECT ADDED ENTRY--TOPICAL TERM
9 (RLIN) 19231
Topical term or geographic name as entry element Education
Form subdivision English
General subdivision Undergraduate Thesis.
700 ## - ADDED ENTRY--PERSONAL NAME
9 (RLIN) 19232
Personal name Calibay, Genessa B.
700 ## - ADDED ENTRY--PERSONAL NAME
9 (RLIN) 19233
Personal name Lapeña, Sharlen Rose N.
700 ## - ADDED ENTRY--PERSONAL NAME
9 (RLIN) 19234
Personal name Domingo, Carol Mae S.
942 ## - ADDED ENTRY ELEMENTS (KOHA)
Source of classification or shelving scheme Dewey Decimal Classification
Koha item type Undergraduate Thesis
Holdings
Withdrawn status Lost status Source of classification or shelving scheme Damaged status Not for loan Home library Current library Date acquired Total Checkouts Full call number Barcode Date last seen Price effective from Koha item type
    Dewey Decimal Classification     UM Digos College - LIC UM Digos College - LIC 11/07/2016   UT 0704 C12 2016 UT0704 03/09/2017 03/09/2017 Undergraduate Thesis